Normal view
MARC view
- Kropatsch, W.
Entry Personal Name
001 - CONTROL NUMBER
- control field: 102656
003 - CONTROL NUMBER IDENTIFIER
- control field: NUST
005 - DATE AND TIME OF LATEST TRANSACTION
- control field: 20221116103355.0
008 - FIXED-LENGTH DATA ELEMENTS
- fixed length control field: 221116|| aca||aabn | a|a d
040 ## - CATALOGING SOURCE
- Original cataloging agency: NUST
- Transcribing agency: NUST
100 ## - HEADING--PERSONAL NAME
- Personal name: Kropatsch, W.
- Fuller form of name: (Walter)
670 ## - SOURCE DATA FOUND
- Source citation: Work cat.: (NUST)0: Digital image analysis :, 2001.
